[Event "Madrid-chT 2324"]
[Site "Madrid"]
[Date "2024.01.28"]
[Round "7.5"]
[White "Rodriguez Lopez, David"]
[Black "Centeno Mendoza, Julio Stefano"]
[Result "1-0"]
[WhiteElo "2161"]
[BlackElo "2099"]
[PlyCount "111"]
[EventDate "2023.11.19"]
[EventType "team-tourn"]
[EventRounds "14"]
[EventCountry "ESP"]
[SourceTitle "AjedrezenMadrid"]
[Source "lmi"]
[SourceDate "2023.11.19"]
[SourceVersion "1"]
[SourceVersionDate "2024.03.19"]
[SourceQuality "1"]
[WhiteTeam "Tajamar"]
[BlackTeam "Collado Villalba"]
[WhiteTeamCountry "ESP"]
[BlackTeamCountry "ESP"]

1. e4 e5 2. Nf3 Nc6 3. Bb5 a6 4. Ba4 Nf6 5. O-O b5 6. Bb3 Bc5 7. Nxe5 Nxe5 8.
d4 Bxd4 9. Qxd4 d6 10. a4 Rb8 11. f4 Nc6 12. Qc3 Ne7 13. axb5 axb5 14. e5 Ne4
15. Qe1 Nc5 16. Ba2 O-O 17. b4 Na4 18. Nc3 dxe5 19. Nxa4 bxa4 20. Qxe5 Nc6 21.
Qc3 Qd4+ 22. Qxd4 Nxd4 23. Bc4 Bd7 24. Bd3 Rfd8 25. Be3 Bc6 26. Rfd1 Nb5 27.
Bc5 a3 28. Re1 Ra8 29. Re7 Rd7 30. Ree1 a2 31. Rxa2 Rdd8 32. Rxa8 Rxa8 33. Re7
Re8 34. Rxe8+ Bxe8 35. c4 Nc3 36. Bd4 Na2 37. b5 Nc1 38. Bf1 Nb3 39. Be5 c6 40.
b6 Nc5 41. Bd4 Nb7 42. c5 Bd7 43. Ba6 Bc8 44. Kf2 f6 45. g4 Kf7 46. Kg3 Ke7 47.
g5 Kf7 48. h4 h6 49. gxh6 gxh6 50. f5 Kg7 51. Kg4 Kf7 52. Be3 Ke7 53. Kh5 Kd7
54. Bxb7 Bxb7 55. Kxh6 Ba6 56. Kg6 1-0

[Event "Madrid-chT 2324"]
[Site "Madrid"]
[Date "2024.01.27"]
[Round "7.6"]
[White "De Lucas Salido, Adrian"]
[Black "Mota Cossio, Alberto"]
[Result "0-1"]
[WhiteElo "1445"]
[BlackElo "2043"]
[PlyCount "80"]
[EventDate "2023.11.19"]
[EventType "team-tourn"]
[EventRounds "14"]
[EventCountry "ESP"]
[SourceTitle "AjedrezenMadrid"]
[Source "lmi"]
[SourceDate "2023.11.19"]
[SourceVersion "1"]
[SourceVersionDate "2024.03.19"]
[SourceQuality "1"]
[WhiteTeam "San Fernando de Henares"]
[BlackTeam "Blanco y Negro"]
[WhiteTeamCountry "ESP"]
[BlackTeamCountry "ESP"]

1. d4 d5 2. c4 e6 3. Nf3 Nf6 4. Nc3 Be7 5. e3 O-O 6. Qc2 b6 7. cxd5 exd5 8. Bd3
Bb7 9. O-O c5 10. Qe2 Nbd7 11. Nd2 Re8 12. dxc5 bxc5 13. Bb5 Bd6 14. Re1 a6 15.
Bxd7 Qxd7 16. Nf1 d4 17. Nd1 d3 18. Qd2 Ne4 19. Qa5 Bc7 20. Qa3 c4 21. Nc3 Nf6
22. f3 Bc6 23. e4 Bd6 24. Qa5 Re5 25. Nd5 Bxd5 26. exd5 Rxe1 27. Qxe1 Nxd5 28.
Bd2 Re8 29. Qf2 Re2 30. Qh4 Be7 31. Qg3 Bd6 32. Qh4 Be5 33. Bc3 Bxc3 34. bxc3
h6 35. Qd4 Qe6 36. Qh4 Qe5 37. Qg3 Qxc3 38. Qb8+ Kh7 39. Qd6 Qd4+ 40. Kh1 Qxa1
0-1

[Event "Madrid-chT 2324"]
[Site "Madrid"]
[Date "2024.01.27"]
[Round "7.6"]
[White "Medina Riesgo, Pedro"]
[Black "Gutierrez Diaz, Pablo"]
[Result "1-0"]
[WhiteElo "2167"]
[BlackElo "1915"]
[PlyCount "101"]
[EventDate "2023.11.19"]
[EventType "team-tourn"]
[EventRounds "14"]
[EventCountry "ESP"]
[SourceTitle "AjedrezenMadrid"]
[Source "lmi"]
[SourceDate "2023.11.19"]
[SourceVersion "1"]
[SourceVersionDate "2024.03.19"]
[SourceQuality "1"]
[WhiteTeam "Mostoles"]
[BlackTeam "Villalba 64"]
[WhiteTeamCountry "ESP"]
[BlackTeamCountry "ESP"]

1. e4 c5 2. Nc3 Nc6 3. Bb5 Nd4 4. Bc4 d6 5. Nge2 e5 6. d3 Be7 7. Nd5 a6 8. a4
Nf6 9. O-O Be6 10. Ng3 h5 11. Ne3 g6 12. c3 h4 13. Ne2 Nxe2+ 14. Qxe2 Qd7 15.
f4 exf4 16. Rxf4 Kf8 17. Bd2 Kg7 18. Raf1 Raf8 19. d4 Nh5 20. R4f2 Bxc4 21.
Qxc4 Qe6 22. Rxf7+ Qxf7 23. Rxf7+ Rxf7 24. Qe6 Nf4 25. Qg4 Kf8 26. dxc5 dxc5
27. Nc4 Nd3 28. Qd7 b5 29. Qxd3 bxc4 30. Qxc4 Kg7 31. Qe2 Rd8 32. Be3 a5 33. h3
Rd7 34. g3 hxg3 35. Kg2 Bd6 36. h4 Rde7 37. Qg4 Rb7 38. Qe2 Rfe7 39. Bg1 Re6
40. h5 gxh5 41. Qxh5 Rxb2+ 42. Kf3 Rb8 43. Qg4+ Rg6 44. Qd7+ Kg8 45. e5 Rf8+
46. Kg2 Bb8 47. Bxc5 Bxe5 48. Qd5+ Rf7 49. Qxe5 Rh7 50. Qe8+ Kg7 51. Qf8# 1-0

[Event "Madrid-chT 2324"]
[Site "Madrid"]
[Date "2024.01.28"]
[Round "7.6"]
[White "Blanco Garcia, Liliam Barbara"]
[Black "Martinez Aragon, Aitor"]
[Result "1-0"]
[WhiteElo "2062"]
[BlackElo "1979"]
[PlyCount "95"]
[EventDate "2023.11.19"]
[EventType "team-tourn"]
[EventRounds "14"]
[EventCountry "ESP"]
[SourceTitle "AjedrezenMadrid"]
[Source "lmi"]
[SourceDate "2023.11.19"]
[SourceVersion "1"]
[SourceVersionDate "2024.03.19"]
[SourceQuality "1"]
[WhiteTeam "Collado Villalba"]
[BlackTeam "Tajamar"]
[WhiteTeamCountry "ESP"]
[BlackTeamCountry "ESP"]

1. e4 c5 2. c3 Nf6 3. e5 Nd5 4. Nf3 e6 5. d4 cxd4 6. cxd4 b6 7. Bd2 Bb7 8. Nc3
Nxc3 9. Bxc3 Be7 10. h4 d6 11. Bb5+ Nd7 12. exd6 Bxd6 13. Ne5 Bxe5 14. dxe5 a6
15. Ba4 b5 16. Bc2 Qc7 17. Qg4 g6 18. a4 Qc4 19. Qxc4 bxc4 20. f3 h5 21. O-O-O
Bd5 22. Rxd5 exd5 23. e6 fxe6 24. Bxh8 Kf7 25. Bc3 e5 26. Bb4 Rb8 27. Ba3 d4
28. Be4 Kf6 29. Rh3 c3 30. Rg3 cxb2+ 31. Bxb2 Nc5 32. Rxg6+ Kf7 33. Rc6 Nxa4
34. Ba3 Nc3 35. Bg6+ Kg7 36. Bd6 Rb5 37. Bd3 Ra5 38. Rxa6 Rxa6 39. Bxa6 Kf6 40.
Bc4 Kf5 41. Bb4 Na4 42. Bf7 Kf4 43. Bxh5 Kg3 44. Be1+ Kxg2 45. Bg4 Nc5 46. h5
Nd3+ 47. Kd2 Nf4 48. h6 1-0

[Event "Madrid-chT 2324"]
[Site "Madrid"]
[Date "2024.01.28"]
[Round "7.6"]
[White "Hernandez Ramos, Alberto"]
[Black "Garcia Dorado, Alberto"]
[Result "0-1"]
[WhiteElo "2013"]
[BlackElo "2217"]
[PlyCount "78"]
[EventDate "2023.11.19"]
[EventType "team-tourn"]
[EventRounds "14"]
[EventCountry "ESP"]
[SourceTitle "AjedrezenMadrid"]
[Source "lmi"]
[SourceDate "2023.11.19"]
[SourceVersion "1"]
[SourceVersionDate "2024.03.19"]
[SourceQuality "1"]
[WhiteTeam "San Sebastian de los Reyes"]
[BlackTeam "Alcorcon Diagonal"]
[WhiteTeamCountry "ESP"]
[BlackTeamCountry "ESP"]

1. d4 Nf6 2. Nf3 d5 3. c4 e6 4. g3 Bb4+ 5. Nc3 dxc4 6. Bg2 Nd5 7. O-O O-O 8.
Qc2 a6 9. e4 Nxc3 10. bxc3 Be7 11. a4 Nc6 12. Rd1 Na5 13. Bf4 Nb3 14. Ra2 Bd7
15. Ne5 Na5 16. d5 Bd6 17. Nxd7 Qxd7 18. e5 Bc5 19. Be4 g6 20. h4 Rfd8 21. Kg2
Qe8 22. Bg5 Be7 23. dxe6 fxe6 24. Be3 Qf7 25. Qe2 Rxd1 26. Qxd1 Rd8 27. Qg4 Kh8
28. Ra1 Nb3 29. Rh1 Bc5 30. Bf4 Be7 31. Bxb7 Nc5 32. Qf3 Rb8 33. Be4 Nxa4 34.
Bc2 Nc5 35. Qc6 Qe8 36. Qxc7 Rb7 37. Qa5 Qc6+ 38. Kh2 Rb2 39. Rc1 Nb3 0-1

[Event "Madrid-chT 2324"]
[Site "Madrid"]
[Date "2024.02.03"]
[Round "8.1"]
[White "Alonso Garcia, Aaron"]
[Black "Vazquez Igarza, Renier"]
[Result "1-0"]
[WhiteElo "2453"]
[BlackElo "2517"]
[PlyCount "81"]
[EventDate "2023.11.19"]
[EventType "team-tourn"]
[EventRounds "14"]
[EventCountry "ESP"]
[SourceTitle "AjedrezenMadrid"]
[Source "lmi"]
[SourceDate "2023.11.19"]
[SourceVersion "1"]
[SourceVersionDate "2024.03.19"]
[SourceQuality "1"]
[WhiteTeam "Villalba 64"]
[BlackTeam "Collado Villalba"]
[WhiteTeamCountry "ESP"]
[BlackTeamCountry "ESP"]

1. e4 e5 2. Nf3 Nc6 3. Bb5 Nf6 4. d3 Bc5 5. c3 d6 6. d4 exd4 7. cxd4 Bb4+ 8.
Bd2 Bxd2+ 9. Nbxd2 O-O 10. O-O Ne7 11. Rc1 c6 12. Bd3 Ng6 13. Re1 Re8 14. Bb1
d5 15. e5 Nd7 16. Rc3 Ndf8 17. g3 Bg4 18. Qb3 Qd7 19. h4 Ne6 20. Qa3 Ne7 21.
Nb3 b6 22. Ng5 Nf8 23. Qa6 h6 24. Nf3 Ne6 25. Nh2 Bh5 26. f4 Bg6 27. Qf1 Bxb1
28. Rxb1 c5 29. dxc5 d4 30. Rd1 Nd5 31. Rcd3 bxc5 32. Nxc5 Qc6 33. Nxe6 Qxe6
34. Nf3 Qb6 35. Nxd4 Rad8 36. Qf2 Nb4 37. Rb3 Qc5 38. a3 Nd5 39. Rbd3 Rb8 40.
b4 Qc8 41. Qf3 1-0

[Event "Madrid-chT 2324"]
[Site "Madrid"]
[Date "2024.02.03"]
[Round "8.1"]
[White "Taboas Rodriguez, Daniel"]
[Black "Moreno Ruiz, Javier"]
[Result "0-1"]
[WhiteElo "2360"]
[BlackElo "2397"]
[PlyCount "120"]
[EventDate "2023.11.19"]
[EventType "team-tourn"]
[EventRounds "14"]
[EventCountry "ESP"]
[SourceTitle "AjedrezenMadrid"]
[Source "lmi"]
[SourceDate "2023.11.19"]
[SourceVersion "1"]
[SourceVersionDate "2024.03.19"]
[SourceQuality "1"]
[WhiteTeam "Blanco y Negro"]
[BlackTeam "Mostoles"]
[WhiteTeamCountry "ESP"]
[BlackTeamCountry "ESP"]

1. d4 Nf6 2. Nf3 g6 3. c4 c5 4. d5 b5 5. cxb5 a6 6. b6 d6 7. Nc3 Nbd7 8. e4 Bg7
9. Nd2 Nxb6 10. a4 a5 11. Bb5+ Bd7 12. O-O O-O 13. Re1 Bxb5 14. axb5 Ne8 15.
Qb3 Nc7 16. Nf3 Qd7 17. Bg5 h6 18. Be3 Rfb8 19. h3 Nc8 20. e5 Nxb5 21. e6 fxe6
22. dxe6 Qe8 23. Qa4 Nc7 24. Qc2 Nb6 25. Qe4 d5 26. Qh4 g5 27. Qg3 Nxe6 28. h4
Qg6 29. Ne5 Qf6 30. Ng4 Qg6 31. Bc1 Rb7 32. hxg5 hxg5 33. Ne5 Qf5 34. Nf3 Bf6
35. Nh4 Qh7 36. Nf3 Ng7 37. Bxg5 Qg6 38. Rad1 Rd8 39. Qf4 d4 40. Ne4 Nd5 41.
Qg4 Rxb2 42. Nxc5 Nc3 43. Rd3 Qf5 44. Qxf5 Nxf5 45. Ne6 Rd6 46. Bxf6 exf6 47.
g4 Nh6 48. Nexd4 Ne2+ 49. Kf1 Nxd4 50. Rxd4 Rxd4 51. Nxd4 Nxg4 52. Re4 Ne5 53.
Kg2 Rb4 54. f3 a4 55. Ne2 Rxe4 56. fxe4 a3 57. Nc3 Kf7 58. Kf2 Nd3+ 59. Ke3 Nb4
60. Kd4 Ke6 0-1

[Event "Madrid-chT 2324"]
[Site "Madrid"]
[Date "2024.02.04"]
[Round "8.1"]
[White "Elissalt Cardenas, Hector"]
[Black "Plazuelo Pascual, Juan"]
[Result "0-1"]
[WhiteElo "2336"]
[BlackElo "2431"]
[PlyCount "76"]
[EventDate "2023.11.19"]
[EventType "team-tourn"]
[EventRounds "14"]
[EventCountry "ESP"]
[SourceTitle "AjedrezenMadrid"]
[Source "lmi"]
[SourceDate "2023.11.19"]
[SourceVersion "1"]
[SourceVersionDate "2024.03.19"]
[SourceQuality "1"]
[WhiteTeam "Tajamar"]
[BlackTeam "Alcorcon Diagonal"]
[WhiteTeamCountry "ESP"]
[BlackTeamCountry "ESP"]

1. Nf3 d5 2. g3 c5 3. Bg2 Nc6 4. d4 Nf6 5. O-O e6 6. c4 dxc4 7. Qa4 Bd7 8. Qxc4
b5 9. Qd3 c4 10. Qd1 Rc8 11. a4 b4 12. e4 Na5 13. Ne5 Be7 14. d5 exd5 15. exd5
Bf5 16. Nd2 c3 17. bxc3 bxc3 18. Nb3 c2 19. Qe2 Nxb3 20. Qb5+ Nd7 21. Nc6 Qb6
22. Qe2 Rxc6 23. dxc6 Ndc5 24. Qe5 Nxa1 25. Qxf5 O-O 26. Be3 Qb2 27. c7 Ne6 28.
Bf4 g6 29. Qe4 Nxf4 30. Qxf4 Nb3 31. Bd5 c1=Q 32. Bxf7+ Kg7 33. Rxc1 Qxc1+ 34.
Qxc1 Nxc1 35. Be6 Bc5 36. Kf1 Rxf2+ 37. Ke1 Nd3+ 38. Kd1 Be3 0-1

[Event "Madrid-chT 2324"]
[Site "Madrid"]
[Date "2024.02.04"]
[Round "8.1"]
[White "Reyes Larena, Juan"]
[Black "Fernandez Blazquez, Diego"]
[Result "1-0"]
[WhiteElo "2436"]
[BlackElo "2236"]
[PlyCount "151"]
[EventDate "2023.11.19"]
[EventType "team-tourn"]
[EventRounds "14"]
[EventCountry "ESP"]
[SourceTitle "AjedrezenMadrid"]
[Source "lmi"]
[SourceDate "2023.11.19"]
[SourceVersion "1"]
[SourceVersionDate "2024.03.19"]
[SourceQuality "1"]
[WhiteTeam "San Sebastian de los Reyes"]
[BlackTeam "San Fernando de Henares"]
[WhiteTeamCountry "ESP"]
[BlackTeamCountry "ESP"]

1. e4 c5 2. b3 g6 3. Bb2 Nf6 4. e5 Nd5 5. Nc3 Nc7 6. Nf3 Bg7 7. Bc4 Nc6 8. Qe2
O-O 9. O-O d5 10. exd6 exd6 11. Qd1 d5 12. Be2 b6 13. Re1 d4 14. Na4 Bf5 15.
Bf1 Qd6 16. c4 Rfe8 17. d3 Bg4 18. Rxe8+ Rxe8 19. h3 Bd7 20. Bc1 h6 21. a3 f5
22. Ra2 g5 23. Re2 Rf8 24. Nb2 g4 25. hxg4 fxg4 26. Nd2 Ne5 27. Re1 Qg6 28. b4
Nf3+ 29. Nxf3 gxf3 30. g3 h5 31. Re4 Bc6 32. Rf4 Ne6 33. Rxf8+ Bxf8 34. Qe1 Bd6
35. Bh3 Ng7 36. bxc5 bxc5 37. Kh2 h4 38. Bf4 Bxf4 39. gxf4 Qd6 40. Qe5 Qxe5 41.
fxe5 Nh5 42. Be6+ Kf8 43. Bd5 Bxd5 44. cxd5 Nf4 45. d6 Kf7 46. a4 Ke6 47. a5
Kxe5 48. d7 Ne6 49. Kh3 Kd6 50. Kxh4 Kxd7 51. Kg4 Kd6 52. Kxf3 Kd5 53. Kg4 Nd8
54. f4 Nc6 55. a6 Nb4 56. f5 Nxa6 57. Kg5 Nc7 58. Nc4 a6 59. Kg6 a5 60. Nxa5
Ke5 61. f6 Ne6 62. Nc4+ Kf4 63. f7 Kf3 64. Kf6 Nf8 65. Ke7 Nh7 66. Ne5+ Ke3 67.
Ng4+ Kxd3 68. Nf6 Nxf6 69. Kxf6 c4 70. f8=Q c3 71. Ke5 c2 72. Qf4 Ke2 73. Kxd4
Kd1 74. Qf1+ Kd2 75. Qf2+ Kd1 76. Kd3 1-0

[Event "Madrid-chT 2324"]
[Site "Madrid"]
[Date "2024.02.03"]
[Round "8.2"]
[White "Quispe Arteaga, Gabriel"]
[Black "Trost, Edvin"]
[Result "1/2-1/2"]
[WhiteElo "2388"]
[BlackElo "2434"]
[PlyCount "86"]
[EventDate "2023.11.19"]
[EventType "team-tourn"]
[EventRounds "14"]
[EventCountry "ESP"]
[SourceTitle "AjedrezenMadrid"]
[Source "lmi"]
[SourceDate "2023.11.19"]
[SourceVersion "1"]
[SourceVersionDate "2024.03.19"]
[SourceQuality "1"]
[WhiteTeam "Collado Villalba"]
[BlackTeam "Villalba 64"]
[WhiteTeamCountry "ESP"]
[BlackTeamCountry "ESP"]

1. c4 e6 2. Nc3 d5 3. d4 Nf6 4. cxd5 exd5 5. Bg5 Bb4 6. e3 h6 7. Bf4 Bf5 8. Bd3
Bxd3 9. Qxd3 c6 10. Nge2 Nbd7 11. O-O Nh5 12. e4 dxe4 13. Qxe4+ Be7 14. d5 Ndf6
15. Qf3 cxd5 16. Rad1 Nxf4 17. Nxf4 O-O 18. Nfxd5 Nxd5 19. Nxd5 Bd6 20. g3 Re8
21. Rd3 Be5 22. Rb3 Rb8 23. Rd1 Qa5 24. a3 Re6 25. Kg2 Qc5 26. Rd2 g6 27. Re2
Rd8 28. Rd3 Rdd6 29. Nb4 a5 30. Rxd6 Qxd6 31. Nd3 b6 32. Rc2 Kg7 33. h4 Qd4 34.
Re2 Rf6 35. Qe4 Qxe4+ 36. Rxe4 Bd6 37. Rc4 Rf5 38. Rd4 Be7 39. Rd7 Kf8 40. a4
Ke8 41. Rd4 Bc5 42. Nxc5 Rxc5 43. b4 axb4 1/2-1/2

[Event "Madrid-chT 2324"]
[Site "Madrid"]
[Date "2024.02.03"]
[Round "8.2"]
[White "Valles Moreno, Ivan"]
[Black "Martinez Reyes, Pedro Ramon"]
[Result "1-0"]
[WhiteElo "2331"]
[BlackElo "2343"]
[PlyCount "51"]
[EventDate "2023.11.19"]
[EventType "team-tourn"]
[EventRounds "14"]
[EventCountry "ESP"]
[SourceTitle "AjedrezenMadrid"]
[Source "lmi"]
[SourceDate "2023.11.19"]
[SourceVersion "1"]
[SourceVersionDate "2024.03.19"]
[SourceQuality "1"]
[WhiteTeam "Mostoles"]
[BlackTeam "Blanco y Negro"]
[WhiteTeamCountry "ESP"]
[BlackTeamCountry "ESP"]

1. d4 Nf6 2. Nf3 e6 3. c4 b6 4. g3 Bb7 5. Bg2 Be7 6. Nc3 O-O 7. Qc2 c5 8. d5
exd5 9. Ng5 Na6 10. Nxd5 Bxd5 11. cxd5 Nb4 12. Qb1 h6 13. h4 Bd6 14. a3 Na6 15.
Bd2 Re8 16. Bc3 Qe7 17. Qd3 c4 18. Qxc4 Nc5 19. Nf3 Rac8 20. Nd4 Bxg3 21. Nf5
Bxf2+ 22. Kf1 Qf8 23. Qf4 Nce4 24. Bxe4 Rxc3 25. Bf3 Be3 26. Qg3 1-0

[Event "Madrid-chT 2324"]
[Site "Madrid"]
[Date "2024.02.04"]
[Round "8.2"]
[White "Sanz Wawer, Daniel"]
[Black "Centron Antuna, Daniel"]
[Result "1/2-1/2"]
[WhiteElo "2397"]
[BlackElo "2212"]
[PlyCount "106"]
[EventDate "2023.11.19"]
[EventType "team-tourn"]
[EventRounds "14"]
[EventCountry "ESP"]
[SourceTitle "AjedrezenMadrid"]
[Source "lmi"]
[SourceDate "2023.11.19"]
[SourceVersion "1"]
[SourceVersionDate "2024.03.19"]
[SourceQuality "1"]
[WhiteTeam "Alcorcon Diagonal"]
[BlackTeam "Tajamar"]
[WhiteTeamCountry "ESP"]
[BlackTeamCountry "ESP"]

1. e4 d6 2. d4 Nf6 3. f3 g6 4. c4 c5 5. d5 Bg7 6. Nc3 O-O 7. Nge2 Na6 8. Be3
Nc7 9. Ng3 a6 10. a4 Bd7 11. Bd3 Rb8 12. a5 b5 13. axb6 Rxb6 14. Qd2 Qb8 15.
Ra2 e6 16. O-O Re8 17. Kh1 Qb7 18. h3 Rb8 19. Rf2 Qc8 20. Kh2 h5 21. f4 h4 22.
Nge2 exd5 23. cxd5 Nh5 24. Ng1 g5 25. Nge2 g4 26. hxg4 Nf6 27. Kh1 Nxg4 28. Rf3
f5 29. Bg1 Qe8 30. exf5 Qh5 31. Rh3 Bf6 32. Ne4 Bxb2 33. Qe1 Kg7 34. Rxh4 Qxh4+
35. Qxh4 Rh8 36. Qxh8+ Kxh8 37. N2g3 Nxd5 38. Rxa6 Rxa6 39. Bxa6 Nxf4 40. Nxd6
Bc6 41. Bb7 Bxb7 42. Nxb7 c4 43. Nd6 c3 44. Bd4+ Kh7 45. Nde4 Nd5 46. Ne2 Kh6
47. N2xc3 Nxc3 48. Nxc3 Bxc3 49. Bxc3 Kg5 50. f6 Nxf6 51. Bxf6+ Kxf6 52. Kh2
Kg6 53. Kh3 Kh5 1/2-1/2

[Event "Madrid-chT 2324"]
[Site "Madrid"]
[Date "2024.02.03"]
[Round "8.3"]
[White "Garrido Dominguez, Jesus"]
[Black "Suarez Uriel, Adrian"]
[Result "0-1"]
[WhiteElo "2406"]
[BlackElo "2404"]
[PlyCount "48"]
[EventDate "2023.11.19"]
[EventType "team-tourn"]
[EventRounds "14"]
[EventCountry "ESP"]
[SourceTitle "AjedrezenMadrid"]
[Source "lmi"]
[SourceDate "2023.11.19"]
[SourceVersion "1"]
[SourceVersionDate "2024.03.19"]
[SourceQuality "1"]
[WhiteTeam "Villalba 64"]
[BlackTeam "Collado Villalba"]
[WhiteTeamCountry "ESP"]
[BlackTeamCountry "ESP"]

1. e4 c5 2. Nf3 d6 3. Nc3 Nf6 4. g3 Nc6 5. Bg2 e5 6. d3 h6 7. Nd2 Bg4 8. f3 Be6
9. O-O d5 10. exd5 Nxd5 11. Nc4 Nxc3 12. bxc3 Be7 13. Rb1 Qd7 14. f4 exf4 15.
Bxf4 O-O 16. Ne5 Nxe5 17. Rxb7 Qd6 18. Bxe5 Qxe5 19. Rxe7 Rab8 20. Qe1 Qxe1 21.
Rxe1 Rb2 22. Rxa7 Rxc2 23. c4 Rb8 24. Ra8 Rxg2+ 0-1

[Event "Madrid-chT 2324"]
[Site "Madrid"]
[Date "2024.02.03"]
[Round "8.3"]
[White "Hidalgo Duque, Carlos"]
[Black "Beltran de Heredia Eguiaz, Miguel Angel"]
[Result "1-0"]
[WhiteElo "2279"]
[BlackElo "2219"]
[PlyCount "139"]
[EventDate "2023.11.19"]
[EventType "team-tourn"]
[EventRounds "14"]
[EventCountry "ESP"]
[SourceTitle "AjedrezenMadrid"]
[Source "lmi"]
[SourceDate "2023.11.19"]
[SourceVersion "1"]
[SourceVersionDate "2024.03.19"]
[SourceQuality "1"]
[WhiteTeam "Blanco y Negro"]
[BlackTeam "Mostoles"]
[WhiteTeamCountry "ESP"]
[BlackTeamCountry "ESP"]

1. Nf3 Nf6 2. c4 e6 3. g3 d5 4. d4 dxc4 5. Bg2 Nc6 6. Qa4 Bb4+ 7. Bd2 Nd5 8.
Bxb4 Ndxb4 9. O-O Rb8 10. Ne5 Qxd4 11. Nxc6 Nxc6 12. Na3 O-O 13. Bxc6 bxc6 14.
Nxc4 e5 15. Rac1 Bh3 16. Rfe1 f5 17. Qxc6 f4 18. e3 fxe3 19. Rxe3 Rf6 20. Qe4
Rbf8 21. Qxd4 exd4 22. Re2 Rd8 23. b3 d3 24. Rd2 Rc6 25. Re1 h5 26. f3 Bf5 27.
Re5 g6 28. Kf2 Kg7 29. Re3 Rd5 30. Ke1 Kf6 31. Rf2 Bc8 32. Kd2 Ba6 33. Re4 Bxc4
34. Rxc4 Ra6 35. a4 c5 36. Kc3 g5 37. Rd2 Rad6 38. Re4 Kf5 39. h3 Rb6 40. g4+
hxg4 41. hxg4+ Kf6 42. Re3 Rb4 43. Rexd3 Rxd3+ 44. Rxd3 Ke5 45. Rd7 Kf4 46.
Rf7+ Kg3 47. Rf5 Rf4 48. Rxg5 Rxf3+ 49. Kc4 Kh4 50. Rxc5 Kxg4 51. Rc7 a5 52.
Rc5 Rf4+ 53. Kd5 Rf3 54. Rb5 Kf4 55. Kc6 Ke4 56. Kb6 Kd4 57. Kxa5 Rf8 58. Kb6
Rf1 59. Ka7 Kc3 60. a5 Rf7+ 61. Rb7 Rf1 62. a6 Rf6 63. b4 Kc4 64. b5 Kc5 65. b6
Kb5 66. Rh7 Rg6 67. Rh5+ Kc6 68. b7 Rg7 69. Rh6+ Kc5 70. Ka8 1-0

[Event "Madrid-chT 2324"]
[Site "Madrid"]
[Date "2024.02.04"]
[Round "8.3"]
[White "Alfaya Marcelo, Roberto"]
[Black "Garrido Olivares, Ricard"]
[Result "1/2-1/2"]
[WhiteElo "2315"]
[BlackElo "2136"]
[PlyCount "59"]
[EventDate "2023.11.19"]
[EventType "team-tourn"]
[EventRounds "14"]
[EventCountry "ESP"]
[SourceTitle "AjedrezenMadrid"]
[Source "lmi"]
[SourceDate "2023.11.19"]
[SourceVersion "1"]
[SourceVersionDate "2024.03.19"]
[SourceQuality "1"]
[WhiteTeam "San Sebastian de los Reyes"]
[BlackTeam "San Fernando de Henares"]
[WhiteTeamCountry "ESP"]
[BlackTeamCountry "ESP"]

1. d4 d5 2. Nf3 Nf6 3. c4 dxc4 4. e3 e6 5. Bxc4 c5 6. O-O a6 7. a4 cxd4 8. exd4
Nc6 9. Nc3 Be7 10. Re1 O-O 11. Bg5 h6 12. Bf4 Bd7 13. d5 exd5 14. Nxd5 Nxd5 15.
Bxd5 Bb4 16. Re4 a5 17. Nd4 Qf6 18. Nxc6 bxc6 19. Bc4 Bf5 20. Be5 Qg6 21. Re3
Rfd8 22. Qf1 Qh5 23. Rg3 Bg6 24. f4 Qf5 25. Rd1 Bf8 26. Bd3 Qh5 27. Be2 Qf5 28.
Bd3 Qh5 29. Be2 Qf5 30. Bd3 1/2-1/2

[Event "Madrid-chT 2324"]
[Site "Madrid"]
[Date "2024.02.04"]
[Round "8.3"]
[White "Mkrtchyan, Levon"]
[Black "Rey Martinez, Jaime"]
[Result "1-0"]
[WhiteElo "2255"]
[BlackElo "2337"]
[PlyCount "73"]
[EventDate "2023.11.19"]
[EventType "team-tourn"]
[EventRounds "14"]
[EventCountry "ESP"]
[SourceTitle "AjedrezenMadrid"]
[Source "lmi"]
[SourceDate "2023.11.19"]
[SourceVersion "1"]
[SourceVersionDate "2024.03.19"]
[SourceQuality "1"]
[WhiteTeam "Tajamar"]
[BlackTeam "Alcorcon Diagonal"]
[WhiteTeamCountry "ESP"]
[BlackTeamCountry "ESP"]

1. e4 c5 2. c3 d5 3. exd5 Qxd5 4. d4 Nc6 5. Nf3 Bf5 6. Be3 cxd4 7. Nxd4 Nxd4 8.
Qxd4 Qxd4 9. Bxd4 f6 10. Bb5+ Bd7 11. Bxd7+ Kxd7 12. f4 e6 13. Nd2 Bd6 14. g3
Ne7 15. O-O-O b5 16. Ne4 Nd5 17. f5 exf5 18. Bxf6 fxe4 19. Rxd5 Kc6 20. Rhd1
Bc5 21. Bxg7 Rhe8 22. b4 Bf2 23. Rd6+ Kc7 24. Rd7+ Kc8 25. Rf7 e3 26. Rdd7 Re6
27. Rc7+ Kd8 28. Rcd7+ Kc8 29. Bd4 a5 30. Rc7+ Kd8 31. Rfd7+ Ke8 32. Rxh7 Kd8
33. Rcd7+ Ke8 34. Rb7 Kd8 35. Rh8+ Re8 36. Bb6+ Kc8 37. Rc7+ 1-0

[Event "Madrid-chT 2324"]
[Site "Madrid"]
[Date "2024.02.03"]
[Round "8.4"]
[White "Moreno Ibanez, Miguel"]
[Black "Renteria Becerra, Jorge Elicer"]
[Result "0-1"]
[WhiteElo "2181"]
[BlackElo "2211"]
[PlyCount "66"]
[EventDate "2023.11.19"]
[EventType "team-tourn"]
[EventRounds "14"]
[EventCountry "ESP"]
[SourceTitle "AjedrezenMadrid"]
[Source "lmi"]
[SourceDate "2023.11.19"]
[SourceVersion "1"]
[SourceVersionDate "2024.03.19"]
[SourceQuality "1"]
[WhiteTeam "Mostoles"]
[BlackTeam "Blanco y Negro"]
[WhiteTeamCountry "ESP"]
[BlackTeamCountry "ESP"]

1. e4 e6 2. d4 d5 3. Nc3 dxe4 4. Nxe4 Nd7 5. Bd3 Ngf6 6. Qe2 Be7 7. Nf3 Nxe4 8.
Bxe4 O-O 9. h4 Nf6 10. Bd3 c5 11. dxc5 Qc7 12. Bg5 h6 13. O-O-O hxg5 14. hxg5
g6 15. Rh4 Nh7 16. Rdh1 Nxg5 17. Qe3 Bf6 18. Nxg5 Qe5 19. Ne4 Qxb2+ 20. Kd2 Bg7
21. Qh3 Rd8 22. Nd6 Qc3+ 23. Ke2 Qe5+ 24. Kf3 Qf6+ 25. Rf4 Qxf4+ 26. Kxf4 e5+
27. Kg5 Bxh3 28. Rxh3 Rd7 29. Bc4 Kf8 30. Rf3 e4 31. Nxe4 Be5 32. Nf6 Bxf6+ 33.
Kxf6 Rc8 0-1

[Event "Madrid-chT 2324"]
[Site "Madrid"]
[Date "2024.02.03"]
[Round "8.4"]
[White "Ruiz Buendia, Miguel"]
[Black "Garcia Luengo, Leandro"]
[Result "1-0"]
[WhiteElo "2344"]
[BlackElo "2282"]
[PlyCount "57"]
[EventDate "2023.11.19"]
[EventType "team-tourn"]
[EventRounds "14"]
[EventCountry "ESP"]
[SourceTitle "AjedrezenMadrid"]
[Source "lmi"]
[SourceDate "2023.11.19"]
[SourceVersion "1"]
[SourceVersionDate "2024.03.19"]
[SourceQuality "1"]
[WhiteTeam "Collado Villalba"]
[BlackTeam "Villalba 64"]
[WhiteTeamCountry "ESP"]
[BlackTeamCountry "ESP"]

1. e4 c5 2. Nf3 g6 3. c3 d5 4. exd5 Nf6 5. d4 cxd4 6. Qxd4 Qxd5 7. Qxd5 Nxd5 8.
Bc4 Nb6 9. Bb3 Bg7 10. Na3 O-O 11. Nb5 Nc6 12. Be3 Nd7 13. O-O-O Nde5 14. Nc7
Rb8 15. Nxe5 Bxe5 16. Nd5 e6 17. Nf4 b6 18. Ba4 Ne7 19. Nd3 Bd6 20. Nb4 Be5 21.
Bg5 f6 22. Bh6 Bb7 23. Bxf8 Kxf8 24. f3 Bf4+ 25. Kb1 a6 26. Rd7 b5 27. Bb3 a5
28. Nd3 Be3 29. Re1 1-0